[Event "Ruhrgebiet Verbandsliga Gruppe 2 1415"]
[Site "Germany"]
[Date "2015.03.29"]
[Round "8.4"]
[White "Nigl, Andreas"]
[Black "Van Klev, Fabian"]
[Result "1-0"]
[WhiteElo "2029"]
[BlackElo "1864"]
[PlyCount "53"]
[EventDate "2014.09.21"]
[EventType "team-tourn"]
[EventRounds "9"]
[EventCountry "GER"]
[SourceTitle "EXT 2022"]
[Source "ChessBase"]
[SourceDate "2021.10.06"]
[SourceVersion "1"]
[SourceVersionDate "2021.10.06"]
[SourceQuality "1"]
[WhiteTeam "Wattenscheid SV III"]
[BlackTeam "Brackel SF II"]
[WhiteTeamCountry "GER"]
[BlackTeamCountry "GER"]

1. e4 c5 2. Nf3 Nc6 3. d4 cxd4 4. Nxd4 Nf6 5. Nc3 e5 6. Ndb5 d6 7. Bg5 a6 8. Bxf6 gxf6 9. Na3 b5 10. Nd5 f5 11. c3 Bg7 12. Bd3 Be6 13. Qh5 0-0 14. exf5 Bxd5 15. f6 h6 16. fxg7 Kxg7 17. f4 Qb6 18. Nc2 Bc4 19. 0-0-0 Qc5 20. Qg4+ Kh8 21. Qf5 Bxd3 22. Qf6+ Kh7 23. Rxd3 exf4 24. Rxd6 Rac8 25. Qxh6+ Kg8 26. Rhd1 b4 27. R6d5 1-0

[Event "Ruhrgebiet Verbandsliga Gruppe 2 1415"]
[Site "Germany"]
[Date "2014.11.16"]
[Round "3.4"]
[White "Van Klev, Fabian"]
[Black "Neugebauer, Thomas"]
[Result "1-0"]
[WhiteElo "1864"]
[BlackElo "1830"]
[PlyCount "123"]
[EventDate "2014.09.21"]
[EventType "team-tourn"]
[EventRounds "9"]
[EventCountry "GER"]
[SourceTitle "EXT 2022"]
[Source "ChessBase"]
[SourceDate "2021.10.06"]
[SourceVersion "1"]
[SourceVersionDate "2021.10.06"]
[SourceQuality "1"]
[WhiteTeam "Brackel SF II"]
[BlackTeam "Altenessen"]
[WhiteTeamCountry "GER"]
[BlackTeamCountry "GER"]

1. Nf3 Nf6 2. d4 g6 3. c4 Bg7 4. Nc3 d6 5. e4 0-0 6. Be2 Nbd7 7. 0-0 e5 8. Be3 exd4 9. Nxd4 Nc5 10. f3 Bd7 11. b4 Ne6 12. Rc1 Ne8 13. c5 a5 14. cxd6 axb4 15. Nd5 cxd6 16. Bc4 b5 17. Bb3 Nc5 18. Qd2 Nxb3 19. axb3 Qa5 20. Qxb4 Qxb4 21. Nxb4 Be6 22. Nxe6 fxe6 23. Rfd1 Be5 24. Nd3 Bg7 25. Nf4 Bh6 26. Nd5 Bxe3+ 27. Nxe3 Rf7 28. Rd3 Rfa7 29. Rc2 Kf8 30. Kf2 Ke7 31. h4 Ra6 32. Ng4 R6a7 33. Ke3 Ra6 34. Nf2 Kf7 35. Nd1 R6a7 36. Nc3 Rc7 37. Rcd2 Rb8 38. Ne2 Ke7 39. g4 Rbc8 40. Nd4 Rb8 41. g5 Kf7 42. f4 Ng7 43. Ne2 Ne8 44. Ng3 Rbc8 45. f5 gxf5 46. exf5 Rc5 47. fxe6+ Kxe6 48. Kf4 Re5 49. Ne4 Rc6 50. h5 Rf5+ 51. Kg4 Re5 52. Re2 Rc1 53. Rg3 Rd1 54. g6 hxg6 55. Ng5+ Kf6 56. Rf3+ Kg7 57. h6+ Kxh6 58. Nf7+ Kg7 59. Nxe5 dxe5 60. Rxe5 Nf6+ 61. Kh3 b4 62. Re7+ 1-0

[Event "Dortmund Sparkassen op-B"]
[Site "Dortmund"]
[Date "2013.08.01"]
[Round "6"]
[White "Van Klev, Fabian"]
[Black "Thiemann, Marc"]
[Result "1-0"]
[WhiteElo "1774"]
[BlackElo "1339"]
[PlyCount "95"]
[EventDate "2013.07.27"]
[EventType "swiss"]
[EventRounds "9"]
[EventCountry "GER"]
[SourceTitle "EXT 2022"]
[Source "ChessBase"]
[SourceDate "2021.10.06"]
[SourceVersion "1"]
[SourceVersionDate "2021.10.06"]
[SourceQuality "1"]

1. Nf3 d5 2. d4 Bf5 3. c4 e6 4. Nc3 c5 5. cxd5 exd5 6. Qb3 b6 7. Qxd5 Qxd5 8. Nxd5 Bd6 9. dxc5 bxc5 10. g3 Ne7 11. Nxe7 Bxe7 12. Bg2 Be4 13. 0-0 Nc6 14. Bg5 f6 15. Bd2 0-0 16. Bc3 Rab8 17. Nd2 Bxg2 18. Kxg2 Nb4 19. Bxb4 Rxb4 20. b3 Bd6 21. Nc4 Bc7 22. Rad1 a5 23. Rd7 Rc8 24. Rfd1 a4 25. Re7 axb3 26. axb3 Rxb3 27. Rdd7 Rc3 28. Rxg7+ Kh8 29. Rxh7+ Kg8 30. Rdg7+ Kf8 31. Rg4 f5 32. Rh8+ Ke7 33. Rxc8 Kd7 34. Rxc7+ Kxc7 35. Rf4 Kd8 36. h4 Ke7 37. g4 fxg4 38. Rxg4 Kf6 39. h5 Rb3 40. Rg6+ Kf7 41. Ne5+ Kf8 42. h6 c4 43. h7 Rh3 44. Kxh3 c3 45. h8Q+ Ke7 46. Qg7+ Ke8 47. Re6+ Kd8 48. Qd7# 1-0